| 000 | 00952nam a2200241Ia 4500 | ||
|---|---|---|---|
| 999 |
_c40482 _d40482 |
||
| 001 | 7093 | ||
| 003 | GE_BSU | ||
| 005 | 20231106154807.0 | ||
| 008 | 181216s2008||||ge |||||||||||||| ||geo|| | ||
| 020 | _a9789941001864(1ტ) | ||
| 040 | _cGE_BSU | ||
| 041 | _ageo | ||
| 080 | _a821.111(493)-2 მ-59 | ||
| 100 |
_aმეტერლინკ, მორის _920290 |
||
| 245 |
_aპიესები წ.1 : _bსრული კრებული ორ ტომად / _cმორის მეტერლინკ ; ფრანგ. თარგმნა დათო აკრიანმა. |
||
| 264 |
_aთბილისი : _bსიესტა, _c2008. |
||
| 300 |
_a364 გვ. ; _c20 სმ. |
||
| 541 | _h18ლ. | ||
| 653 | _aპიესები | ||
| 653 | _aმხატვრული ლიტერატურა | ||
| 700 |
_aაკრიანი, დათო _eმთარგმელი _919781 |
||
| 942 |
_cBK _2udc |
||